000 01052cab a2200241 4500
001 ABS58381
008 090401t1998 xxu||||| |||| 00| 0 eng d
035 _a(Sirsi) u84817
041 _aeng
100 _aBarber, J
245 4 _aThe role of law in construction and construction disputes
260 _c1998
350 _a0
490 _aArbitration
_v64(1) February 1998, 28-33(6)
520 _aDiscusses how dispute resolution processes can be used to resolve construction disputes such as latent defects and failures, technical matters and time and money problems. Draws upon parallels in employment law focusing on the role of Industrial Tribunals. Paper given as key note address to Construction Dispute Resolution Conference 1997.
650 _aALTERNATIVE DISPUTE RESOLUTION
650 _aCONSTRUCTION DISPUTES
650 _aDISPUTE RESOLUTION
_96236
650 _aTRIBUNALS
690 _aMANAGEMENT-DISPUTE AVOIDANCE, MANAGEMENT AND RESOLUTION-DISPUTE MANAGEMENT AND RESOLUTION-ARBITRATION
942 _n0
948 _c12/03/1998
999 _c53334
_d53334